[Event "36. Copenhagen Open (Politiken Cup)"]
[Site "Elsinore"]
[Date "2014.07.28"]
[Round "9"]
[White "Meier, Georg"]
[Black "Smerdon, David"]
[Result "0-1"]
[WhiteElo "2632"]
[BlackElo "2519"]
[PlyCount "82"]
[EventDate "2014.07.21"]
[EventType "swiss"]
[EventRounds "10"]
[EventCountry "DEN"]
[Source "ChessBase"]
[SourceDate "2014.08.29"]

1. Nf3 d5 2. g3 Nf6 3. Bg2 e6 4. O-O Be7 5. c4 O-O 6. d4 dxc4 7. Qc2 b5 8. a4
b4 9. Nfd2 b3 10. Qxc4 Ba6 11. Qxb3 c6 12. Nc3 Qxd4 13. Rd1 Nd5 14. a5 Nd7 15.
Qc2 Rab8 16. Nf3 Qc4 17. Bf1 Qg4 18. Bd2 Nb4 19. Qb1 Rb7 20. Be1 Nc5 21. Na2
Nxa2 22. Ne5 Qh5 23. Nxc6 Bf6 24. Rxa2 Bc4 25. b4 Bd5 26. Rc2 Ne4 27. f3 Nd6
28. e4 Nxe4 29. fxe4 Bxe4 30. Qc1 Bg5 31. Bd2 Qf3 32. Bxg5 Qh1+ 33. Kf2 Qxh2+
34. Ke1 Bxc2 35. Bf4 Bxd1 36. Qxd1 e5 37. Be3 Qxg3+ 38. Ke2 Qg4+ 39. Ke1 Qg3+
40. Ke2 Qg4+ 41. Ke1 Qh4+ 0-1

[Event "36. Copenhagen Open (Politiken Cup)"]
[Site "Elsinore"]
[Date "2014.07.28"]
[Round "9"]
[White "Meurman, Arne"]
[Black "Eriksson, Christian Altenburg"]
[Result "1/2-1/2"]
[WhiteElo "2062"]
[BlackElo "2153"]
[PlyCount "117"]
[EventDate "2014.07.21"]
[EventType "swiss"]
[EventRounds "10"]
[EventCountry "DEN"]
[Source "ChessBase"]
[SourceDate "2014.08.29"]

1. e4 c5 2. Nf3 Nc6 3. d4 cxd4 4. Nxd4 e5 5. Nb5 d6 6. c4 Be7 7. Bd3 Nf6 8.
N1c3 a6 9. Na3 Bg4 10. f3 Be6 11. Nc2 Rc8 12. Nd5 Bxd5 13. cxd5 Nb8 14. Be3 Nh5
15. Qd2 h6 16. Qb4 O-O 17. Bb6 Qd7 18. O-O-O Bd8 19. Bf2 a5 20. Qb5 Qc7 21. Kb1
Na6 22. Rc1 Nc5 23. Ne3 Bg5 24. Rhd1 Nf6 25. Rc3 Bxe3 26. Bxe3 Nfd7 27. Rdc1
Ra8 28. b3 Ra6 29. Ka1 Rfa8 30. Bc2 Qd8 31. Qe2 b5 32. Bd3 a4 33. Bxb5 axb3 34.
Bxa6 Qb6 35. Qb5 Qxa6 36. Qxa6 Rxa6 37. Kb1 Rxa2 38. Bxc5 Nxc5 39. Rxb3 Ra1+
40. Kb2 Nxb3 41. Rc8+ Kh7 42. Kxb3 Rg1 43. Rd8 Rxg2 44. Rxd6 Rxh2 45. Rc6 Rd2
46. Kb4 h5 47. Kc5 h4 48. Kd6 h3 49. Kxe5 h2 50. Rc1 Kg6 51. Kf4 Kf6 52. Rh1
Rg2 53. Ke3 Ke5 54. f4+ Kd6 55. Kf3 Ra2 56. Kg3 Re2 57. Kf3 Ra2 58. Kg3 Re2 59.
Kf3 1/2-1/2

[Event "36. Copenhagen Open (Politiken Cup)"]
[Site "Elsinore"]
[Date "2014.07.28"]
[Round "9"]
[White "Moiseenko, Alexander"]
[Black "Schandorff, Lars"]
[Result "1/2-1/2"]
[WhiteElo "2707"]
[BlackElo "2529"]
[PlyCount "190"]
[EventDate "2014.07.21"]
[EventType "swiss"]
[EventRounds "10"]
[EventCountry "DEN"]
[Source "ChessBase"]
[SourceDate "2014.08.29"]

1. d4 d5 2. c4 c6 3. Nf3 Nf6 4. Nc3 e6 5. e3 Nbd7 6. Qc2 Bd6 7. Be2 O-O 8. O-O
dxc4 9. Bxc4 e5 10. h3 h6 11. Bb3 Re8 12. Bd2 exd4 13. exd4 Nf8 14. Qd3 Be6 15.
Bc2 Nd5 16. a3 Nf4 17. Bxf4 Bxf4 18. Rfe1 Qc7 19. Re2 b5 20. b3 Rad8 21. Rae1
Qb8 22. Ne4 Bd6 23. Qc3 Bd5 24. b4 Re6 25. Nc5 Rxe2 26. Rxe2 Re8 27. Qe1 Rxe2
28. Qxe2 Qd8 29. Nb7 Qe7 30. Qxe7 Bxe7 31. Ne5 Ne6 32. f3 Nxd4 33. Be4 Bg5 34.
Na5 f5 35. Bxd5+ cxd5 36. Nec6 Be3+ 37. Kf1 Nxc6 38. Nxc6 Kf7 39. Ke2 Bb6 40.
Ne5+ Ke6 41. Nd3 Kd6 42. Kd2 Bd4 43. Kc2 Be3 44. Kb3 Ke6 45. a4 a6 46. axb5
axb5 47. Kc2 Kd6 48. Kd1 Bg5 49. Kc2 Be7 50. Kc3 Bf6+ 51. Kc2 Kc6 52. Kb3 Bd4
53. Kc2 Kd6 54. Kd2 Bb6 55. Kc3 Be3 56. Ne1 f4 57. Nc2 Bf2 58. Kd3 Kc6 59. Kc3
Kd7 60. Kd3 Kd6 61. Na3 Kc6 62. Nc2 Bb6 63. Kc3 g5 64. Kd3 Bg1 65. Kc3 Bf2 66.
Kd3 Bb6 67. Kc3 Bd8 68. Nd4+ Kb6 69. Nc2 Bf6+ 70. Kb3 Kc6 71. Ne1 Kd6 72. Kc2
Ke5 73. Kd3 Ke6 74. Kc2 Ba1 75. Nd3 Kd6 76. Nc5 Bd4 77. Nb7+ Ke6 78. Na5 Bf2
79. Kd3 Be1 80. Nc6 Kd7 81. Nd4 Bxb4 82. Nxb5 Bc5 83. Nc3 Kc6 84. Ne2 Bf2 85.
Nc3 Kc5 86. Na4+ Kd6 87. Nc3 Ke5 88. Nb5 Bc5 89. Nc3 Bd4 90. Nb5 Ba1 91. Na3
Kd6 92. Nc2 Bb2 93. Nb4 Kc5 94. Nc2 Be5 95. Ne1 Bf6 1/2-1/2

[Event "36. Copenhagen Open (Politiken Cup)"]
[Site "Elsinore"]
[Date "2014.07.28"]
[Round "9"]
[White "Molin, Claus"]
[Black "Rorvik, Jon Fredrik"]
[Result "1/2-1/2"]
[WhiteElo "2002"]
[BlackElo "2151"]
[PlyCount "86"]
[EventDate "2014.07.21"]
[EventType "swiss"]
[EventRounds "10"]
[EventCountry "DEN"]
[Source "ChessBase"]
[SourceDate "2014.08.29"]

1. d4 d5 2. Nf3 Nf6 3. c4 e6 4. Bg5 Be7 5. Nc3 O-O 6. e3 Nbd7 7. Rc1 c6 8. Bd3
dxc4 9. Bxc4 Nd5 10. Bxe7 Qxe7 11. Ne4 N5b6 12. Bd3 e5 13. dxe5 Nxe5 14. Nxe5
Qxe5 15. Qc2 h6 16. O-O Nd5 17. a3 Rd8 18. b4 Nc7 19. Rce1 a5 20. f4 Qe7 21. f5
f6 22. Bc4+ Kh8 23. Nc5 axb4 24. axb4 Nd5 25. Bxd5 Rxd5 26. e4 Re5 27. g4 b6
28. Nd3 Rxe4 29. Nf4 Rxe1 30. Ng6+ Kh7 31. Nxe7 Rxe7 32. Qd2 Rea7 33. Re1 c5
34. bxc5 bxc5 35. Rc1 Ra5 36. Qd5 R8a7 37. Qd8 Bb7 38. Qe8 Ra8 39. Qg6+ Kg8 40.
Re1 Ra1 41. Rxa1 Rxa1+ 42. Kf2 Bc6 43. Qh5 c4 1/2-1/2

[Event "36. Copenhagen Open (Politiken Cup)"]
[Site "Elsinore"]
[Date "2014.07.28"]
[Round "9"]
[White "Moller, Arne"]
[Black "Djurhuus, Eivind X"]
[Result "0-1"]
[WhiteElo "1886"]
[BlackElo "2079"]
[PlyCount "62"]
[EventDate "2014.07.21"]
[EventType "swiss"]
[EventRounds "10"]
[EventCountry "DEN"]
[Source "ChessBase"]
[SourceDate "2014.08.29"]

1. e4 c5 2. b3 Nc6 3. Bb2 d6 4. Nf3 Nf6 5. d3 g6 6. Be2 Bg7 7. O-O O-O 8. c3
Qc7 9. Na3 a6 10. Nc2 d5 11. exd5 Nxd5 12. d4 cxd4 13. Ncxd4 Nxd4 14. cxd4 Nf4
15. Rc1 Qd6 16. Ne5 Nxe2+ 17. Qxe2 Be6 18. Rc2 Rac8 19. Rfc1 Rxc2 20. Rxc2 Rd8
21. h3 Bd5 22. Rd2 Bxb3 23. Nxg6 hxg6 24. axb3 Qb4 25. Rd3 Rd5 26. Qe4 e6 27.
g4 Re5 28. Qf3 Re1+ 29. Kg2 Rb1 30. Qe2 Qb5 31. Qc2 Rxb2 0-1

[Event "36. Copenhagen Open (Politiken Cup)"]
[Site "Elsinore"]
[Date "2014.07.28"]
[Round "9"]
[White "Morling, Aase"]
[Black "Schjolin, John"]
[Result "1/2-1/2"]
[WhiteElo "1531"]
[BlackElo "1317"]
[PlyCount "74"]
[EventDate "2014.07.21"]
[EventType "swiss"]
[EventRounds "10"]
[EventCountry "DEN"]
[Source "ChessBase"]
[SourceDate "2014.08.29"]

1. e4 c5 2. c3 d6 3. d4 cxd4 4. cxd4 d5 5. e5 e6 6. Nf3 f6 7. Be2 g6 8. O-O Nc6
9. Bb5 Bd7 10. Nc3 Qc7 11. Re1 O-O-O 12. a3 Bg7 13. Bxc6 Bxc6 14. h3 h5 15.
exf6 Nxf6 16. Rxe6 Rde8 17. Rxe8+ Nxe8 18. Qe2 Qd6 19. Bg5 Bf6 20. Re1 Nc7 21.
Bxf6 Qxf6 22. Qe5 Qxe5 23. Nxe5 Re8 24. Re3 Ne6 25. Nxc6 bxc6 26. Ne2 Kc7 27.
b4 Kd6 28. Kf1 Rb8 29. g3 g5 30. Kg2 a6 31. Rd3 Re8 32. Re3 Re7 33. Kf1 Kd7 34.
Ke1 Rf7 35. Kf1 Kd6 36. Kg2 Kd7 37. Rf3 Rxf3 1/2-1/2

[Event "36. Copenhagen Open (Politiken Cup)"]
[Site "Elsinore"]
[Date "2014.07.28"]
[Round "9"]
[White "Mottonen, Ari"]
[Black "Royset, Pal"]
[Result "0-1"]
[WhiteElo "2000"]
[BlackElo "2208"]
[PlyCount "176"]
[EventDate "2014.07.21"]
[EventType "swiss"]
[EventRounds "10"]
[EventCountry "DEN"]
[Source "ChessBase"]
[SourceDate "2014.08.29"]

1. Nf3 g6 2. g3 Bg7 3. d4 Nf6 4. Bg2 c5 5. O-O cxd4 6. Nxd4 Nc6 7. c4 Qb6 8.
Nb3 d6 9. Nc3 Ne5 10. c5 dxc5 11. Na4 Qc7 12. Naxc5 Rb8 13. Bf4 Nh5 14. Rc1 Qb6
15. Be3 Ng4 16. Bd4 Bxd4 17. Qxd4 O-O 18. Rfd1 Ngf6 19. e4 Bg4 20. f3 Rbd8 21.
Qf2 Bc8 22. Bf1 e5 23. Nd3 Rfe8 24. Qxb6 axb6 25. Rc7 Ng7 26. Rdc1 Ne6 27. R7c3
Nd7 28. Nb4 Nf6 29. Bb5 Bd7 30. Bc4 Rc8 31. Bd5 Rb8 32. Kf2 Kg7 33. a3 Ba4 34.
Bxe6 Rxe6 35. Rd1 g5 36. h3 h5 37. g4 hxg4 38. hxg4 Rh8 39. Kg2 Nd7 40. Rh1
Rxh1 41. Kxh1 Rd6 42. Nd5 Nf6 43. Ne3 Bd7 44. Kg1 Be6 45. Kf1 Rc6 46. Rxc6 bxc6
47. Nc1 Nd7 48. Ke2 Kf6 49. Kd2 Ke7 50. Kc3 Kd6 51. Nd3 Kc7 52. Kb4 f6 53. Nc4
Nb8 54. Kc3 Nd7 55. Kb4 Nf8 56. Ne3 Ng6 57. Kc3 Nh4 58. Ne1 Bc8 59. Nc4 Ba6 60.
b4 Ng6 61. Nd3 Nf8 62. a4 Ne6 63. Nd2 Nd4 64. Ne1 Be2 65. Kb2 Kb7 66. Ka2 Ka6
67. Kb2 Bd1 68. Ka3 Be2 69. Kb2 c5 70. bxc5 bxc5 71. Kc3 Ka5 72. Nb3+ Kb6 73.
Nd2 Ka5 74. Nb3+ Nxb3 75. Kxb3 c4+ 76. Kc3 Kxa4 77. Kd2 Bf1 78. Kc3 Kb5 79. Nc2
Be2 80. Ne1 Kc5 81. Kd2 Bf1 82. Kc3 Bh3 83. Nc2 Bg2 84. Ne1 Bh1 85. Kd2 Kb4 86.
Kc2 c3 87. Nd3+ Kc4 88. Ne1 Kd4 0-1

[Event "36. Copenhagen Open (Politiken Cup)"]
[Site "Elsinore"]
[Date "2014.07.28"]
[Round "9"]
[White "Myhre, Mads Wollan"]
[Black "Tallaksen, Henrik G"]
[Result "1-0"]
[WhiteElo "1509"]
[BlackElo "1771"]
[PlyCount "55"]
[EventDate "2014.07.21"]
[EventType "swiss"]
[EventRounds "10"]
[EventCountry "DEN"]
[Source "ChessBase"]
[SourceDate "2014.08.29"]

1. c4 e5 2. g3 Nc6 3. Bg2 f5 4. d3 Bb4+ 5. Nc3 Nf6 6. a3 Bxc3+ 7. bxc3 O-O 8.
d4 d6 9. e3 Qe8 10. Ne2 Bd7 11. O-O Qh5 12. Re1 f4 13. exf4 Bh3 14. fxe5 Ng4
15. Bd5+ Kh8 16. Nf4 Rxf4 17. Bxf4 Rf8 18. f3 Rxf4 19. gxf4 Ne3 20. Rxe3 Qg6+
21. Kf2 Qg2+ 22. Ke1 Na5 23. exd6 Qg1+ 24. Kd2 Qxh2+ 25. Kd3 Bf5+ 26. Be4 Qxf4
27. Bxf5 Qxf5+ 28. Re4 1-0

[Event "36. Copenhagen Open (Politiken Cup)"]
[Site "Elsinore"]
[Date "2014.07.28"]
[Round "9"]
[White "Neffe, Axel"]
[Black "Pedersen, Henrik Bolding"]
[Result "1-0"]
[WhiteElo "2252"]
[BlackElo "2134"]
[PlyCount "51"]
[EventDate "2014.07.21"]
[EventType "swiss"]
[EventRounds "10"]
[EventCountry "DEN"]
[Source "ChessBase"]
[SourceDate "2014.08.29"]

1. d4 Nf6 2. c4 e6 3. Nc3 d5 4. cxd5 exd5 5. Bg5 c6 6. Qc2 Nbd7 7. e3 Be7 8.
Bd3 Nh5 9. Bxe7 Qxe7 10. Nge2 Nb6 11. h3 g6 12. O-O-O Be6 13. Kb1 O-O-O 14. f3
Kb8 15. Rhe1 Rhe8 16. Na4 Nxa4 17. Qxa4 Ng7 18. Nc3 Qd6 19. Qc2 Bc8 20. Qf2 h5
21. Bc2 Re7 22. e4 Be6 23. Qh4 Red7 24. Qg5 dxe4 25. fxe4 Qb4 26. Qe5+ 1-0

[Event "36. Copenhagen Open (Politiken Cup)"]
[Site "Elsinore"]
[Date "2014.07.28"]
[Round "9"]
[White "Negi, Parimarjan"]
[Black "Edouard, Romain"]
[Result "1-0"]
[WhiteElo "2645"]
[BlackElo "2679"]
[Annotator "Negi,P"]
[PlyCount "73"]
[EventDate "2014.07.21"]
[EventType "swiss"]
[EventRounds "10"]
[EventCountry "DEN"]
[Source "ChessBase"]
[SourceDate "2014.08.29"]

1. e4 e6 2. d4 d5 3. Nc3 Nf6 {This was one of the many variations played by my
opponent, so I hadn't really been able to revise the various lines. On the
other hand, I had recently finished writing a book covering the French...so I
felt confident about going here.} 4. e5 Nfd7 5. f4 c5 6. Nf3 Nc6 7. Be3 Be7 8.
Qd2 O-O 9. dxc5 Nxc5 $5 {Less popular than ...Bc5, but the obscurity has often
worked in Black's favour since White is given a wide array of choices, so it's
easy to go wrong. For me, this was the awkward moment when I couldn't clearly
remember my own recommendations in the 1.e4 series that I had completed a few
months back...} 10. O-O-O Qc7 {A modern way to play this variation for Black.
The idea is to avoid White's quick Bb5 - Bxc6 as in 10...b6:} (10... b6 11. Bb5
Bb7 12. Bxc6 $1 Bxc6 13. Nd4 {gives White an excellent position as f5 will be
very strong.} Qd7 $5 {is the best try as I analysed in my book, but this has
never been played before.} (13... Rc8 14. f5 b5 15. fxe6 fxe6 16. b4 $1 $16 {
1-0 (48) Zhigalko,S (2658)-Gopal,G (2566) Moscow 2012}) (13... Qc7 14. f5 Rfd8
15. f6 gxf6 16. exf6 Bxf6 17. Rhf1 Be7 18. Bf4 Qb7 19. Qe2 $16 {1-0 (55)
Motylev,A (2683)-Wang,L (2400) Beijing 2012})) 11. Kb1 a6 (11... b6 {is again
met by} 12. Bb5 $5 {/\ Bxc6, Nd4 as played in Nakamura - Vitiugov. Also White
has the option of 12.Qe1 /\ f5...}) 12. Qe1 $146 {I saw the idea of Bxc5 here
already, and it felt original and interesting. But an immediate Bxc5 gives
Black a lot of flexibility since Bd3 doesn't create a threat yet. Therefore, I
decided to set my queen to be ready to transfer to the kingside.} ({I could
remember that} 12. Qf2 b6 13. Qg3 $5 $146 {was my suggestion. Here I had
analysed various lines in detail, but I began to get confused as to the most
straightforward and critical line after} f6 14. f5 $1 Ne4 (14... Nxe5 15. fxe6
Bxe6 16. Nxd5 Bxd5 17. Rxd5 {gives White a clear advantage.}) 15. Nxe4 dxe4 {
during the game I failed to see that White has the crucial idea of Bh6 at
various points. For instance:} 16. Bc4 $1 exf3 17. Bh6 $1 $18) 12... b5 13.
Bxc5 $5 {At first, it looks a very strange decision to give away the
dark-squared bishop...but the threats created with a quick development pose
some interesting problems for Black:} Bxc5 14. Bd3 {Now Black faces a
difficult decision. Eventually, after a long thought Romain went for the
logical...} Be7 {, but possibly not the best.} (14... b4 $2 {runs into} 15.
Bxh7+ $1 Kxh7 16. Qh4+ Kg8 17. Ng5 {and White has a crushing attack.}) (14...
h6 {is always a huge commitment, as g4 - g5 will be very hard to deal with now.
} 15. g4 $36) (14... f5 15. g4 $1 {would just give White a typical initiative.}
) (14... f6 {is better than f5, but White doesn't need to play exf6. Instead
he has a few interesting options as} 15. Qh4 h6 16. Qh5 $5 {trying to provoke
fixing the structure with f5, after which White's initiative will flow easily
with g4. Otherwise Qg6, or g4..g5 could be annoying threats.}) 15. f5 $1 {
I decided to go for an immediate initiative:} (15. h4 {deserves some attention,
but I wasn't sure if the slow burning initiative with Ng5 etc. could yield
eventual results.}) 15... b4 {Now, it was my turn to lapse into deep thought.
I could see many options to repeat moves...but couldn't find a convincing way
to break through.} (15... exf5 16. Nxd5 Qb7 17. g4 $1 fxg4 {I hadn't seen a
forced win here during the game, but it looked dangerous enough for Black. But
the computer points out the excellent:} 18. Be4 $1 gxf3 19. Nf6+ $1 gxf6 (19...
Bxf6 20. exf6 g6 21. Rd6 $1 $18) 20. Qh4 $1 f5 21. Rhg1+ Kh8 22. Qh6 $18) 16.
f6 $1 gxf6 {Unable to find a forced win in the Qh4 line:} 17. Qg3+ $6 {This
lets the win slip. Instead, White had the most amazing combination with} (17.
Qh4 $1 f5 18. Ng5 Bxg5 19. Qxg5+ Kh8 20. Qf6+ Kg8 {All normal so far....} 21.
Nxd5 $1 exd5 {and here I only considered Re1...instead} 22. g4 $1 {let the
initiative go on. Black can't challenge the queen due to the c6-knight, so he
has to go for} Nxe5 23. gxf5 Ng6 24. Rhg1 $36 {when White's initiative is in
no doubt.}) 17... Kh8 18. Qh3 f5 19. Bxf5 $5 exf5 20. Nxd5 {This idea took him
by surprise, so he spent a few crucial minutes here, allowing me to make up my
mind on how to continue and bringing us both into a mutual time scramble.} Qb7
21. Nf6 {Continuing to be ambitious.} (21. Qh6 Be6 $1 (21... Rg8 22. Nxe7 Qxe7
23. Qxc6 $14) 22. Nf6 Bxf6 23. Qxf6+ Kg8 {was another critical line, but I
couldn't find any way to achieve more than a draw here.}) 21... Bxf6 22. exf6
Rg8 23. Qh5 $5 {The idea is to play h4... Ng5 at the right time.} (23. Qh6 Rg6
24. Qf8+ Rg8 {would be another draw.}) 23... Be6 ({I had mostly considered} 
23... Rg6 {another logical defensive move, but here White has the spectacular}
24. Ng5 h6 25. Rd6 $1 {and Black is absolutely unable to develop. White just
threates Rhd1 or Rxc6...}) 24. Rd3 {Objectively a dubious move...at the same
time, considering the insane complications it does have a point... I stop ...
Bxa2 ideas, and the rook is useful for various ideas to lift to the kingside.}
(24. h4 {seems tempting but after} Bxa2+ $1 25. Kxa2 (25. Ka1 Rg6 $1 26. Ng5 h6
{since the bishop on e6 isn't hanging anymore.}) 25... b3+ 26. cxb3 Rab8 {
it is Black who seems to be trying for a win... although after} 27. Rd3 Nb4+
28. Kb1 Qe4 29. Ng5 Qxd3+ 30. Ka1 {he doesn't seem to have anything more than
a perpetual.}) (24. b3 Rg6 25. Ng5 Rxg5 26. Qxg5 {would lead to a balanced and
calm position.}) 24... Qc7 $2 {The critical turning point. The second choice
of the computer, and still ok, but after this it becomes very hard to hold it
together practically:} (24... Rg6 25. Ng5 Rxg5 26. Qxg5 {Now the rook on d3 is
very useful, and White has a few ways to continue pressurising Black.}) (24...
Bc4 $1 {was the critical defensive move that we both saw, but mis-assesed it
for different reasons. It's not as unusual as it looks because White's
attacking idea is based on various Ng5 - Nxe6 threats, so removing the bishop
makes sense.} 25. Rd2 {is perhaps the best. The computer assesses this as 0.00
still... but the position after ...Bxa2 is of course insane.} (25. Ne5 {
Romain was worried about this, but he didn't realise that Black has too many
pieces for the queen after} Bxd3 26. Nxf7+ Qxf7 27. Qxf7 Be4 $17) (25. Re1 $5 {
was my idea, just to create further mess... but Black responds in the same way
with} Rg6 26. Rde3 Qd7 27. b3 Bd5 {and White is struggling to prove his
compensation.}) (25. Re3 Rg6 $1 {is similar to 25.Re1.})) {He forgot about} 25.
h4 $1 Rg6 26. Ng5 Bxa2+ (26... h6 {isn't possible:} 27. Nxe6 $18) 27. Kxa2 h6
28. Rhd1 {The position is still a huge mess, but we were both playing on
seconds, so it was much harder for Black:} Ne5 $6 {Now Black starts to lose
the thread.} 29. Rd6 $1 Rf8 $2 30. Kb1 $1 Rc8 31. R1d2 {Luckily, White's moves
were all about preventing Black's ideas, so it was easy to find the last few
moves. Now there are too many threats:} Kg8 32. Qd1 {Only now did I finally
ease up and realise that I'm winning.} hxg5 33. Rd8+ Kh7 34. Rxc8 Qxc8 35. Rd8
Qxd8 (35... Qc7 36. Qh5+ Rh6 37. Rh8+ $1 {was the idea.}) 36. Qxd8 gxh4 37. Qe7
(37. Qe7 Rxg2 38. Qxe5 Kg6 39. Qe8 $1 {/\ Qh8, and Black is unable to keep the
h-pawn and avoid Qg7+ at the same time.}) 1-0

[Event "36. Copenhagen Open (Politiken Cup)"]
[Site "Elsinore"]
[Date "2014.07.28"]
[Round "9"]
[White "Neu, Alexandre"]
[Black "Yilmaz, Kazim"]
[Result "1/2-1/2"]
[WhiteElo "1760"]
[BlackElo "1637"]
[PlyCount "30"]
[EventDate "2014.07.21"]
[EventType "swiss"]
[EventRounds "10"]
[EventCountry "DEN"]
[Source "ChessBase"]
[SourceDate "2014.08.29"]

1. e4 Nc6 2. Nf3 d5 3. exd5 Qxd5 4. Nc3 Qd8 5. Bc4 e6 6. d4 Nf6 7. O-O Be7 8.
Re1 O-O 9. Bf4 Nd5 10. Bg3 Nxc3 11. bxc3 Bd6 12. Qe2 Bxg3 13. hxg3 Ne7 14. Bd3
Ng6 15. Ne5 c5 1/2-1/2

[Event "36. Copenhagen Open (Politiken Cup)"]
[Site "Elsinore"]
[Date "2014.07.28"]
[Round "9"]
[White "Nielsen, Jan Mose"]
[Black "Greeuw, Sietske"]
[Result "1-0"]
[WhiteElo "2078"]
[BlackElo "1949"]
[PlyCount "69"]
[EventDate "2014.07.21"]
[EventType "swiss"]
[EventRounds "10"]
[EventCountry "DEN"]
[Source "ChessBase"]
[SourceDate "2014.08.29"]

1. e4 c5 2. d4 cxd4 3. c3 dxc3 4. Nxc3 Nc6 5. Nf3 d6 6. Bc4 a6 7. O-O Nf6 8.
Qe2 e6 9. Rd1 Qc7 10. Bf4 Be7 11. Rac1 e5 12. Be3 Qd8 13. b4 O-O 14. a3 Ng4 15.
Bd2 Nd4 16. Nxd4 exd4 17. Nd5 Bh4 18. g3 Ne5 19. f3 Bf6 20. Ba2 Bh3 21. Nf4 Bd7
22. Bb3 Bb5 23. Qg2 Bc6 24. Be1 Rc8 25. Bf2 g5 26. Nh5 g4 27. fxg4 Nxg4 28. Qf3
Bd7 29. Rxc8 Bxc8 30. h3 Nxf2 31. Nxf6+ Kg7 32. Nh5+ Kh8 33. Qxf2 Bxh3 34.
Qxd4+ f6 35. Qxd6 1-0

[Event "36. Copenhagen Open (Politiken Cup)"]
[Site "Elsinore"]
[Date "2014.07.28"]
[Round "9"]
[White "Nielsen, Jens Holm"]
[Black "Boe Olsen, Filip"]
[Result "0-1"]
[WhiteElo "1802"]
[BlackElo "1937"]
[PlyCount "84"]
[EventDate "2014.07.21"]
[EventType "swiss"]
[EventRounds "10"]
[EventCountry "DEN"]
[Source "ChessBase"]
[SourceDate "2014.08.29"]

1. Nc3 d5 2. e4 dxe4 3. Nxe4 Bf5 4. Qf3 e6 5. Bb5+ c6 6. Ba4 Nd7 7. Bb3 Ngf6 8.
Nxf6+ Nxf6 9. d3 h6 10. h3 Bd6 11. Ne2 Qe7 12. Nd4 Bh7 13. Nxc6 Qd7 14. Nd4
Bb4+ 15. c3 Qxd4 16. Bd2 Qe5+ 17. Qe3 Qxe3+ 18. Bxe3 Bd6 19. Ba4+ Ke7 20. Rd1
Nd5 21. O-O Nxe3 22. fxe3 Rhd8 23. e4 e5 24. Bb3 f6 25. Bc2 Bc5+ 26. Kh2 a6 27.
b4 Ba7 28. c4 Rd4 29. a3 Rad8 30. Rb1 g6 31. g4 f5 32. gxf5 gxf5 33. exf5 Rf8
34. Rbe1 Bb8 35. Re4 Rxf5 36. Rxf5 Bxf5 37. Rxd4 exd4+ 38. Kg2 Kf6 39. a4 Kg5
40. c5 Kf4 41. b5 Ke3 42. bxa6 bxa6 0-1

[Event "36. Copenhagen Open (Politiken Cup)"]
[Site "Elsinore"]
[Date "2014.07.28"]
[Round "9"]
[White "Nielsen, Jorgen Lovgren"]
[Black "Subramanian, Aditya"]
[Result "1/2-1/2"]
[WhiteElo "2135"]
[BlackElo "1938"]
[PlyCount "49"]
[EventDate "2014.07.21"]
[EventType "swiss"]
[EventRounds "10"]
[EventCountry "DEN"]
[Source "ChessBase"]
[SourceDate "2014.08.29"]

1. e4 c5 2. Nf3 e6 3. d4 cxd4 4. Nxd4 Nc6 5. Nc3 Qc7 6. Be3 a6 7. Be2 Nf6 8.
O-O Be7 9. Nb3 b5 10. a3 O-O 11. f4 d6 12. Bf3 Bb7 13. Qd2 Rac8 14. Qf2 Rfe8
15. Bb6 Qb8 16. Rad1 Bf8 17. Rd3 Ba8 18. g4 b4 19. axb4 Nxb4 20. Rd2 d5 21. e5
Nd7 22. Ba7 Qb7 23. Na5 Qxa7 24. Qxa7 Bc5+ 25. Qxc5 1/2-1/2